LIBRARY & INFORMATION CENTRE, KCAET, TAVANUR

ONLINE PUBLIC ACCESS CATALOGUE (OPAC)

Democracy, efficiency and stability / (Record no. 7914)

MARC details
000 -LEADER
fixed length control field 00431cam a2200157ua 4500
041 ## - LANGUAGE CODE
Language code of text/sound track or separate title eng
082 ## - DEWEY DECIMAL CLASSIFICATION NUMBER
Classification number 321.8042
Item number MIL/DE
100 ## - MAIN ENTRY--AUTHOR NAME
Personal name Millspaugh, Arthur C .
245 ## - TITLE STATEMENT
Title Democracy, efficiency and stability /
260 ## - PUBLICATION, DISTRIBUTION, ETC. (IMPRINT)
Place of publication Washington D.C :
Name of publisher the Brookings Institution ,
Year of publication 1942.
300 ## - PHYSICAL DESCRIPTION
Number of Pages 522 ; .
500 ## - GENERAL NOTE
General note Reference **
942 ## - ADDED ENTRY ELEMENTS (KOHA)
Koha item type Books
Holdings
Withdrawn status Lost status Damaged status Home library Current library Date acquired Full call number Accession Number Koha item type
Withdrawn     KAUAET Malayalam University 07/04/2012 321.8042 684 Reference
free website counter